000
00219nam a2200097Ia 4500
008
190216s9999||||xx |||||||||||||| ||und||
100
_a
Ramakrishnan A N
245
0
_a
Ganangal
260
_b
Kerala Basha Inst
942
_c
BK
999
_c
39824
_d
39824